[Event "Rheinland Pfalz op Seniors 13th"]
[Site "Neustadt an der Weinstrasse"]
[Date "2015.07.11"]
[Round "2"]
[White "Bohne, Lutz"]
[Black "Goris, Ton"]
[Result "1/2-1/2"]
[WhiteElo "1936"]
[BlackElo "2040"]
[PlyCount "56"]
[EventDate "2015.07.10"]
[EventType "swiss"]
[EventRounds "7"]
[EventCountry "GER"]
[SourceTitle "EXT 2019"]
[Source "ChessBase"]
[SourceDate "2018.10.10"]
[SourceVersion "1"]
[SourceVersionDate "2018.10.10"]
[SourceQuality "1"]

1. d4 e6 2. c4 Nf6 3. Nc3 c5 4. d5 exd5 5. cxd5 d6 6. e4 g6 7. Nf3 Bg7 8. Bb5+ Bd7 9. a4 a6 10. Be2 b6 11. 0-0 Bg4 12. Nd2 Bxe2 13. Qxe2 0-0 14. Nc4 Qc7 15. Bf4 Ne8 16. e5 dxe5 17. Nxe5 Qb7 18. Rad1 Nd7 19. Nxd7 Qxd7 20. Rfe1 Nf6 21. h3 Rfe8 22. Qd3 Nh5 23. Rxe8+ Rxe8 24. Bh2 Bxc3 25. bxc3 Qxa4 26. Bc7 Nf4 27. Bxf4 Qxf4 28. Qxa6 Qd6 1/2-1/2

[Event "Rheinland Pfalz op Seniors 13th"]
[Site "Neustadt an der Weinstrasse"]
[Date "2015.07.10"]
[Round "1"]
[White "Goris, Ton"]
[Black "Blosze, Winfried"]
[Result "1-0"]
[WhiteElo "2040"]
[BlackElo "1846"]
[PlyCount "105"]
[EventDate "2015.07.10"]
[EventType "swiss"]
[EventRounds "7"]
[EventCountry "GER"]
[SourceTitle "EXT 2019"]
[Source "ChessBase"]
[SourceDate "2018.10.10"]
[SourceVersion "1"]
[SourceVersionDate "2018.10.10"]
[SourceQuality "1"]

1. e4 e5 2. Nf3 Nf6 3. d4 Nxe4 4. Bd3 d5 5. dxe5 Bg4 6. Bxe4 dxe4 7. Qxd8+ Kxd8 8. Ng5 Ke8 9. Bf4 Nc6 10. c3 Bf5 11. Nd2 e3 12. fxe3 h6 13. Ngf3 g5 14. Bg3 Bg7 15. Nd4 Bd7 16. Nb5 Rc8 17. Nxc7+ Kd8 18. Nb5 Bxe5 19. Bxe5 Nxe5 20. Nd6 Rc7 21. 0-0 Be6 22. Nf3 Ng4 23. e4 Rd7 24. e5 Ke7 25. Ne4 Ne3 26. Rf2 b6 27. h3 Rhd8 28. Nd4 Bd5 29. Nf6 Rc7 30. Re1 Nc4 31. Nf5+ Kf8 32. Rd1 Nxe5 33. Rxd5 Rxd5 34. Nxd5 Rd7 35. Nb4 a5 36. Nc2 Rd1+ 37. Kh2 Nd3 38. Re2 Nxb2 39. Nce3 Rb1 40. Nxh6 Na4 41. Nhf5 f6 42. Nd5 Rb5 43. Re8+ Kxe8 44. Nd6+ Kd7 45. Nxb5 Ke6 46. c4 f5 47. Kg3 Ke5 48. Kf3 Ke6 49. Ke3 Ke5 50. g3 Ke6 51. Nbc3 Nxc3 52. Nxc3 Ke5 53. Na4 1-0